000 00824nam a2200229Ii 4500
003 JO-AjNU
008 230605s9999||||xx |||||||||||||| ||und||
017 _a1995/7637
020 _a977-5673-06-2
040 _aJO-AjNU
_bara
_erda
_cJO-AjNU
041 _aara
050 1 4 _aHD3856.A7.H566.1995
100 3 _aهندي، منير ابراهيم,
_eauthor
_945208
245 0 0 _aاساليب وطرق خصخصة المشروعات العامة خلاصة الخبرات العالمية
264 3 1 _aالقاهرة :المنظمة العربية للتنمية الادارية،1995
300 _a170ص
336 _atext
_btxt
_2rdacontent
337 _aunmediated
_bn
_2rdamedia
338 _avolume
_bnc
_2rdacarrier
490 0 _aسلسلة البحوث والدراسات ؛337
650 4 _aالخصخصة
_945209
999 _aA19579
_c23147
_d23147